00337nam a2200121Ia 4500008004100000040001700041041001200058082002000070100001900090245004800109260004100157300001700198230917s9999||||xx |||||||||||||| ||und|| e206156aMAIN aEnglish a330.1 U1W(2012) aUnited Nations 0aWorld economic situation and prospects 2012 aNew DelhibAcademic Foundationc2012 axxvi, 174 p.